|
|
|
|
| LEADER |
02404nam a2200601 i 4500 |
| 001 |
nkc20172928720 |
| 003 |
CZ PrNK |
| 005 |
20180108074113.0 |
| 007 |
ta |
| 008 |
170823s2017 xr e l 001 0 cze |
| 015 |
|
|
|a cnb002928720
|
| 020 |
|
|
|a 978-80-7502-211-0
|q (vázáno)
|
| 035 |
|
|
|a (OCoLC)1019661746
|
| 040 |
|
|
|a ABA001
|b cze
|d BOA001
|e rda
|
| 043 |
|
|
|a e-xr---
|
| 072 |
|
7 |
|a 343
|x Trestní právo
|2 Konspekt
|9 16
|
| 080 |
|
|
|a 343.232
|2 MRF
|
| 080 |
|
|
|a 342.924
|2 MRF
|
| 080 |
|
|
|a 347.951
|2 MRF
|
| 080 |
|
|
|a (437.3)
|2 MRF
|
| 080 |
|
|
|a (094.5)
|2 MRF
|
| 080 |
|
|
|a (0.072)
|2 MRF
|
| 100 |
1 |
|
|a Kučerová, Helena,
|d 1953-
|7 mzk2003195147
|4 cwt
|
| 245 |
1 |
0 |
|a Zákon o odpovědnosti za přestupky a řízení o nich a zákon o některých přestupcích :
|b s komentářem a judikaturou /
|c Helena Kučerová, Eva Horzinková
|
| 246 |
3 |
0 |
|a Zákon o některých přestupcích
|
| 264 |
|
1 |
|a Praha :
|b Leges,
|c 2017
|
| 300 |
|
|
|a 860 stran ;
|c 21 cm
|
| 336 |
|
|
|a text
|b txt
|2 rdacontent
|
| 337 |
|
|
|a bez média
|b n
|2 rdamedia
|
| 338 |
|
|
|a svazek
|b nc
|2 rdacarrier
|
| 490 |
1 |
|
|a Komentátor
|
| 504 |
|
|
|a Obsahuje bibliografii, bibliografické odkazy a rejstřík
|
| 650 |
0 |
7 |
|a přestupkové právo
|7 ph124912
|z Česko
|2 czenas
|
| 650 |
0 |
7 |
|a řízení o přestupcích
|7 ph128326
|z Česko
|2 czenas
|
| 650 |
0 |
7 |
|a soudní rozhodnutí a stanoviska
|7 ph125859
|z Česko
|2 czenas
|
| 650 |
0 |
9 |
|a contraventions (criminal law)
|z Czechia
|2 eczenas
|
| 650 |
0 |
9 |
|a contravention proceedings
|z Czechia
|2 eczenas
|
| 650 |
0 |
9 |
|a judgments
|z Czechia
|2 eczenas
|
| 655 |
|
7 |
|a zákony
|7 fd133886
|2 czenas
|
| 655 |
|
7 |
|a komentáře
|7 fd132578
|2 czenas
|
| 655 |
|
9 |
|a laws
|2 eczenas
|
| 655 |
|
9 |
|a commentaries
|2 eczenas
|
| 700 |
1 |
|
|a Horzinková, Eva,
|d 1951-
|7 jn20000810252
|4 cwt
|
| 710 |
1 |
2 |
|a Česko.
|t Zákon o odpovědnosti za přestupky a řízení o nich (2016)
|7 kon2017946995
|
| 710 |
1 |
2 |
|a Česko.
|t Zákon o některých přestupcích (2016)
|7 kon2017946996
|
| 830 |
|
0 |
|a Komentátor
|0 s
|
| 910 |
2 |
|
|a BOA001
|b 2-1397.433
|
| 990 |
|
|
|a BK
|
| 995 |
|
|
|a 01
|
| 991 |
|
|
|b 201711
|c NOV
|
| 996 |
6 |
|
|b 2610724796
|c 2-1397.433
|l MZK
|r Sklad / do 1 hodiny
|n 4
|p p.v.
|w 001639012
|u 000010
|a 1
|e BOA001
|j MZK50
|s P
|
| 996 |
7 |
|
|b 2610726119
|c 2-1397.433
|l MZK
|r Sklad / do 1 hodiny
|n 4
|p kup
|w 001639012
|u 000020
|a 1
|e BOA001
|j MZK50
|s A
|
| 996 |
7 |
|
|b 2610726120
|c 2-1397.433
|l MZK
|r Sklad / do 1 hodiny
|n 21
|p kup
|w 001639012
|u 000030
|a 1
|e BOA001
|j MZK50
|s A
|